Crying for a dream : (Record no. 350)

MARC details
000 -LEADER
fixed length control field 00983pam a2200289 a 4500
005 - DATE AND TIME OF LATEST TRANSACTION
control field 20260322212016.0
008 - FIXED-LENGTH DATA ELEMENTS--GENERAL INFORMATION
fixed length control field data
010 ## - LIBRARY OF CONGRESS CONTROL NUMBER
LC control number 89033924
020 ## - INTERNATIONAL STANDARD BOOK NUMBER
International Standard Book Number 0939680572 :
Terms of availability {dollar}24.95
020 ## - INTERNATIONAL STANDARD BOOK NUMBER
International Standard Book Number 9780939680573 :
Terms of availability {dollar}24.95
040 ## - CATALOGING SOURCE
Original cataloging agency DLC
Transcribing agency DLC
Modifying agency DLC
043 ## - GEOGRAPHIC AREA CODE
Geographic area code np-----
050 00 - LIBRARY OF CONGRESS CALL NUMBER
Classification number E99.T34
Item number E73 1990
082 00 - DEWEY DECIMAL CLASSIFICATION NUMBER
Classification number 978/.004975
Edition information 20
092 ## - LOCALLY ASSIGNED DEWEY CALL NUMBER (OCLC)
Classification number 987 E73 1990
001 - CONTROL NUMBER
control field data
100 1# - MAIN ENTRY--PERSONAL NAME
Personal name Erdoes, Richard,
Dates associated with a name 1912-
245 10 - TITLE STATEMENT
Title Crying for a dream :
Remainder of title the world through native American eyes /
Statement of responsibility, etc. Richard Erdoes.
260 ## - PUBLICATION, DISTRIBUTION, ETC.
Place of publication, distribution, etc. Santa Fe, N.M. :
Name of publisher, distributor, etc. Bear & Co.,
Date of publication, distribution, etc. c1990.
300 ## - PHYSICAL DESCRIPTION
Extent vi, 121 p. :
Other physical details col. ill. ;
Dimensions 28 cm.
504 ## - BIBLIOGRAPHY, ETC. NOTE
Bibliography, etc. note Includes bibliographical references (p. 121).
650 #0 - SUBJECT ADDED ENTRY--TOPICAL TERM
Topical term or geographic name entry element Teton Indians
General subdivision Rites and ceremonies.
650 #0 - SUBJECT ADDED ENTRY--TOPICAL TERM
Topical term or geographic name entry element Teton Indians
General subdivision Pictorial works
650 #0 - SUBJECT ADDED ENTRY--TOPICAL TERM
Topical term or geographic name entry element Indians of North America
Geographic subdivision Great Plains
General subdivision Rites and ceremonies.
650 #0 - SUBJECT ADDED ENTRY--TOPICAL TERM
Topical term or geographic name entry element Indian cosmology
Geographic subdivision Great Plains.
650 #0 - SUBJECT ADDED ENTRY--TOPICAL TERM
Topical term or geographic name entry element Indians of North America
Geographic subdivision Great Plains
General subdivision Pictorial works
Holdings
Withdrawn status Lost status Damaged status Not for loan Home library Current library Shelving location Date acquired Total checkouts Full call number Barcode Date last seen Price effective from Koha item type
        Franklin Franklin General stacks 22/03/2026   978/.004975 20 BC0010360 22/03/2026 22/03/2026 Books